000 00333nam a2200133Ia 4500
008 191201s2009 xx 000 0 und d
100 _aDHULL,Punam
245 0 _aSolution to Engineering Mathematics for 2nd Sem.
250 _a1st
260 _aN. Delhi
_bVayu Edu. India
_c2009
300 _a479
650 _aApplied
942 _2ddc
_cBK
999 _c506
_d506